000 00609nam a2200205Ia 4500
003 Ost
005 20260507075612.0
008 260507s9999||||xx |||||||||||||| ||und||
020 _a9957400452
040 _cfsecg
041 _aara
082 _a338.4791
100 _aالدباغ، اسماعيل محمد علي
_eمؤلف
245 0 _aمبادئ السفر والسياحة /
_c اسماعيل محمد علي الدباغ
250 _aطبعة 2
260 _aعمان:
_bمؤسسة الوراق للنشر,
_c2000
300 _a233 صفحة؛
653 _aالسياحة
942 _cكتاب
999 _c45074
_d45074